Egronomie v pracovním a mimopracovním prostředí

Uložené v:
Podrobná bibliografia
Médium: Kniha
Jazyk:Czech
Vydavateľské údaje: Praha Dům techn. ČSVTS 1986
Vydanie:1. vyd.
Tagy: Pridať tag
Žiadne tagy, Buďte prvý, kto otaguje tento záznam!

MARC

LEADER 00000nam a2200000 4500
001 c026003
005 20221220071403.0
041 0 |a cze 
044 |a CZ 
245 1 0 |a Egronomie v pracovním a mimopracovním prostředí 
250 |a 1. vyd. 
264 1 |a Praha  |b Dům techn. ČSVTS  |c 1986 
300 |a 71 s.